Xuân Quỳnh thơ và đời

Gespeichert in:
Bibliographische Detailangaben
Format: Buch
Sprache:Undetermined
Veröffentlicht: Hà Nội Văn hóa 1995
Schlagworte:
Tags: Tag hinzufügen
Keine Tags, Fügen Sie den ersten Tag hinzu!
Thư viện lưu trữ: Trung tâm Học liệu Trường Đại học Cần Thơ
LEADER 00514nam a2200157Ia 4500
001 CTU_9572
008 210402s9999 xx 000 0 und d
082 |a 809 
082 |b X502 
245 0 |a Xuân Quỳnh thơ và đời 
260 |a Hà Nội 
260 |b Văn hóa 
260 |c 1995 
650 |a vietnamese poetry - 20th century - biography,vietnamese poetry - 20th century - women authors 
904 |i Nguyễn Quang Điền, 960930 
980 |a Trung tâm Học liệu Trường Đại học Cần Thơ